WDM technologies: optical networks (Record no. 8226)
[ view plain ]
| 000 -LEADER | |
|---|---|
| fixed length control field | 00860 a2200217 4500 |
| 020 ## - INTERNATIONAL STANDARD BOOK NUMBER | |
| International Standard Book Number | 0122252632 |
| 020 ## - INTERNATIONAL STANDARD BOOK NUMBER | |
| International Standard Book Number | 0122252632 |
| 040 ## - CATALOGING SOURCE | |
| Original cataloging agency | DLC |
| Language of cataloging | DLC |
| 245 00 - TITLE STATEMENT | |
| Title | WDM technologies: optical networks |
| Statement of responsibility, etc. | edited by Achyut K. Dutta, Niloy K. Dutta, Masahiko Fujiwara |
| 246 30 - VARYING FORM OF TITLE | |
| Title proper/short title | WDM technologies : |
| Remainder of title | optical networks : volume III. |
| 260 ## - PUBLICATION, DISTRIBUTION, ETC. | |
| Place of publication, distribution, etc. | Burlington, MA : |
| Name of publisher, distributor, etc. | Elsevier Academic Press, |
| Date of publication, distribution, etc. | c2004. |
| 300 ## - PHYSICAL DESCRIPTION | |
| Extent | xix, 315 p. : |
| Other physical details | ill. ; |
| Dimensions | 24 cm. |
| 538 ## - SYSTEM DETAILS NOTE | |
| System details note | Mode of access: World Wide Web. |
| 538 ## - SYSTEM DETAILS NOTE | |
| System details note | System requirements: Internet connectivity; World Wide Web browser. |
| 650 #0 - SUBJECT ADDED ENTRY--TOPICAL TERM | |
| Topical term or geographic name entry element | Wavelength division multiplexing. |
| 700 1# - ADDED ENTRY--PERSONAL NAME | |
| Personal name | Dutta, Achyut K. |
| 700 1# - ADDED ENTRY--PERSONAL NAME | |
| Personal name | Dutta, N. K. |
| Dates associated with a name | 1953- |
| 700 1# - ADDED ENTRY--PERSONAL NAME | |
| Personal name | Fujiwara, Masahiko. |
| 856 40 - ELECTRONIC LOCATION AND ACCESS | |
| Uniform Resource Identifier | <a href="http://libproxy1.nus.edu.sg/login?url=http://www.sciencedirect.com/science/book/9780122252631">http://libproxy1.nus.edu.sg/login?url=http://www.sciencedirect.com/science/book/9780122252631</a> |
| 942 ## - ADDED ENTRY ELEMENTS (KOHA) | |
| Koha item type | Book |
| Call number prefix | 621.3827 DUT |
| Source of classification or shelving scheme | |
| Withdrawn status | Lost status | Damaged status | Not for loan | Collection code | Permanent Location | Current Location | Shelving location | Date acquired | Source of acquisition | Cost, normal purchase price | Total Checkouts | Full call number | Barcode | Date last seen | Price effective from | Koha item type |
|---|---|---|---|---|---|---|---|---|---|---|---|---|---|---|---|---|
| Central Library (CL) | Central Library (CL) | General Stacks | 06/01/2007 | Allied Book Company | 593.69 | 621.3827 DUT | SEECS008562 | 11/14/2012 | 01/05/2017 | Book |
